Land redevelopment, real estate and capital in urban place-making: A case study of Siliguri, India (Record no. 525082)

000 -LEADER
fixed length control field 01469nam a22001457a 4500
008 - FIXED-LENGTH DATA ELEMENTS--GENERAL INFORMATION
fixed length control field 240209b ||||| |||| 00| 0 eng d
100 ## - MAIN ENTRY--PERSONAL NAME
Personal name Barman, Dhiraj
245 ## - TITLE STATEMENT
Title Land redevelopment, real estate and capital in urban place-making: A case study of Siliguri, India
260 ## - PUBLICATION, DISTRIBUTION, ETC. (IMPRINT)
Place of publication, distribution, etc Environment and Urbanization ASIA
300 ## - PHYSICAL DESCRIPTION
Extent 14(2, Sep, 2023: p.318-331
520 ## - SUMMARY, ETC.
Summary, etc The geographies of real estate, land redevelopment and capital play crucial roles in India’s contemporary urban place-making. There is a significant knowledge gap in understanding the role of real estate development and the linkages with capital, the pre-existing propertied business class, emerging markets, and associated aspects in the rapidly changing non-metropolitan, medium-sized cities’ (MSC) context. This study analyses urban transition in Siliguri, a fast-growing MSC in eastern India. Unlike the large megacities, real estate development here has witnessed a considerable capital shift in a speculative property market. Real estate growth is primarily led by the local business and propertied class that eventually emerged as developers. The efforts have resulted in urban place-making of newly built environments, consumption spaces and gated condos through the land redevelopment process. – Reproduced

https://journals.sagepub.com/doi/abs/10.1177/09754253231193109
773 ## - HOST ITEM ENTRY
Main entry heading Environment and Urbanization ASIA
906 ## - LOCAL DATA ELEMENT F, LDF (RLIN)
Subject DIP URBAN DEVELOPMENT
942 ## - ADDED ENTRY ELEMENTS (KOHA)
Item type Articles
Holdings
Withdrawn status Lost status Source of classification or shelving scheme Damaged status Not for loan Permanent location Current location Date acquired Serial Enumeration / chronology Barcode Date last seen Koha item type
          Indian Institute of Public Administration Indian Institute of Public Administration 2024-02-09 14(2, Sep, 2023: p.318-331 AR130914 2024-02-09 Articles

Powered by Koha